000 00646nam a2200277Ia 4500
005 20260320195724.0
008 008 262003s9999 xx 000 0 hin d
020 _a9789388753357
037 _aEBOOK
040 _aCRL
040 _bhin
040 _cCRL
041 _2hin
041 _ahin
084 _qCRL
100 _aकृष्णा सोबती
_91132763
245 0 _aचन्ना
250 _a2nd
260 _bRajkamal
260 _c2019
300 _a384
856 _uhttps://ebook.indiaread.in/pdfs/241_channa_by_krishna_sobti.pdf
942 _cEBOOK
999 _c1716127
_d1716127